00709nam a2200181 a 4500001001000000005001700010008004100027020001500068050002200083245005100105260007000156300003100226500014700257650003400404650004800438650002200486650001900508BRCA_127920190320203347.0140408s1991----mx-a---###---#000-0#spa-# a9686697047 4aNA5060b.F38 199110aLos favores del cielobex-votos de Guanajuato. aGuanajuato, MéxicobXIX Festival Internacional Cervantinoc1991 a37 p.bil. a colorc24 cm. aCatálogo de la exposición realizada en el Museo Regional Alhóndiga de Granaditas (Guanajuato, México), 19 octubre - 17 noviembre, 199114aEx votosySiglo XIXzMéxico14aRetablosxArte popularySiglo XIXzMéxico14aPintura religiosa14aArte cristiano